La educación artística en la escuela
Guardat en:
| Autors principals: | , , |
|---|---|
| Format: | Llibre |
| Idioma: | espanyol |
| Publicat: |
Caracas
Laboratorio Educativo
2007
Barcelona Graó 2007 |
| Edició: | 1a. ed |
| Col·lecció: | Claves para la Innovación Educativa, 42
|
| Matèries: | |
| Etiquetes: |
Afegir etiqueta
Sense etiquetes, Sigues el primer a etiquetar aquest registre!
|
MARC
| LEADER | 00000nam a2200000 a 4500 | ||
|---|---|---|---|
| 001 | UCG3557 | ||
| 003 | CL-VaPUC | ||
| 008 | 100902e20070900ve |||||||||||||||||spa|d | ||
| 020 | |a 9789802511518 | ||
| 020 | |a 9788478275168 | ||
| 082 | 0 | 4 | |a 372.5 |b AGR |2 21 |
| 100 | 0 | |a Agra Pardiñas, María Jesús |e author |9 552783 | |
| 700 | 0 | |a Balada Monclus, Marta |e author |9 552784 | |
| 700 | 0 | |a Batlle, Monserrat |e author |9 552785 | |
| 245 | 1 | 3 | |a La educación artística en la escuela |
| 250 | |a 1a. ed | ||
| 300 | |a 110 p | ||
| 942 | |c BK | ||
| 945 | |d 20100902 00:00:00 |a mfarfan | ||
| 260 | |a Caracas |b Laboratorio Educativo |c 2007 | ||
| 260 | |a Barcelona |b Graó |c 2007 | ||
| 650 | 0 | |a Educación artística |9 269035 | |
| 650 | 0 | |a Creatividad |9 310816 | |
| 650 | 0 | |a Artes visuales |9 336870 | |
| 650 | 0 | |a Métodos de enseñanza |9 270413 | |
| 583 | |a last modification |c 20190701 09:29:38 |k Rodrigo Vera | ||
| 490 | 0 | |a Claves para la Innovación Educativa, 42 | |
| 999 | |c 342611 |d 342609 | ||
| 952 | |0 0 |1 0 |4 0 |6 372_500000000000000_AGR_2007_2007 |7 0 |8 A |9 438983 |a BIBEDU |b BIBEDU |d 2019-11-22 |i 4716574 |o 372.5 AGR 2007 2007 |p 4716574 |r 2019-11-22 |w 2019-11-22 |y BK |k PAR | ||
| 952 | |0 0 |1 0 |4 0 |6 372_500000000000000_AGR_2007_2007 |7 0 |8 A |9 438984 |a BIBEDU |b BIBEDU |d 2019-11-22 |i 4716582 |o 372.5 AGR 2007 2007 |p 4716582 |r 2019-11-22 |w 2019-11-22 |y BK |k PAR | ||